000 00526nam a2200229Ia 4500
003 OSt
005 20220924142843.0
006 a|||||r|||| 00| 0
007 ta
008 ASM
024 _a303541
037 _cTextual
040 _aARTS
_cARTS
_bASM
041 _2ASM
_aASM
082 _aO158,1NGO,1, M2
100 _aGoswami
245 0 _aChandika akhyan
260 _c1982
650 _aASSAMESE LITERATURE
_911738
942 _hO158,1NGO,1, M2
_cTEXL
_2CC
999 _c452189
_d452189